Concreto compactado con rodillo para pavimento
Gorde:
| Egile nagusia: | |
|---|---|
| Formatua: | Liburua |
| Argitaratua: |
San José, C.R.
1997
|
| Gaiak: | |
| Etiketak: |
Etiketa erantsi
Etiketarik gabe, Izan zaitez lehena erregistro honi etiketa jartzen!
|
MARC
| LEADER | 00000nam a2200000Ia 4500 | ||
|---|---|---|---|
| 003 | 008091 | ||
| 005 | 20221231144234.0 | ||
| 008 | 140114s1997 cr a m 000 ||s d | ||
| 040 | |c cru CEDI | ||
| 090 | |a TFG 3575 | ||
| 100 | |a Olivares Tinoco, Silvia |9 9659 | ||
| 245 | |a Concreto compactado con rodillo para pavimento | ||
| 260 | |c 1997 |a San José, C.R. | ||
| 300 | |a vi, 74 hojas : ilustraciones | ||
| 500 | |a Proyecto de graduación (licenciatura en ingeniería civil)--Universidad de Costa Rica. Facultad de Ingeniería. Escuela de Ingeniería Civil | ||
| 650 | |x PAVIMENTOS |x HORMIGON |9 9660 | ||
| 942 | |c TFG | ||
| 999 | |c 18909 |d 18909 | ||
